Colombia : (Registro nro. 5593)
[ vista simple ]
| 000 -LEADER | |
|---|---|
| fixed length control field | 01127nam a2200289Ia 4500 |
| 003 - CONTROL NUMBER IDENTIFIER | |
| control field | OSt |
| 005 - DATE AND TIME OF LATEST TRANSACTION | |
| control field | 20200716153732.0 |
| 008 - FIXED-LENGTH DATA ELEMENTS--GENERAL INFORMATION | |
| fixed length control field | 191128s2003 ck gr 000 0dspa d |
| 020 ## - INTERNATIONAL STANDARD BOOK NUMBER | |
| International Standard Book Number | 9586824616 |
| 040 ## - CATALOGING SOURCE | |
| Original cataloging agency | CO-JMCR |
| Transcribing agency | CO-JMCR |
| 041 0# - LANGUAGE CODE | |
| Language code of text/sound track or separate title | spa |
| 082 04 - DEWEY DECIMAL CLASSIFICATION NUMBER | |
| Classification number | 330.9861 / |
| Item number | G537c |
| Edition number | 23 |
| 100 1# - MAIN ENTRY--PERSONAL NAME | |
| Personal name | Giugale, Marcelo M., |
| Relator term | autor |
| 9 (RLIN) | 7397 |
| 245 #0 - TITLE STATEMENT | |
| Title | Colombia : |
| Remainder of title | fundamentos económicos de la paz / |
| Statement of responsibility, etc. | Marcelo M. Giugale, Olivier Lafourcade, Connie Luff editores |
| 250 ## - EDITION STATEMENT | |
| Edition statement | Primera edición |
| 260 ## - PUBLICATION, DISTRIBUTION, ETC. | |
| Place of publication, distribution, etc. | Bogotá : |
| Name of publisher, distributor, etc. | Banco Mundial : Alfaomega, |
| Date of publication, distribution, etc. | 2003. |
| 300 ## - PHYSICAL DESCRIPTION | |
| Extent | lxxxii, 882 páginas ; |
| Dimensions | 24 cm. |
| 504 ## - BIBLIOGRAPHY, ETC. NOTE | |
| Bibliography, etc. note | Bbiliografía al final de cada capítulo |
| 505 0# - FORMATTED CONTENTS NOTE | |
| Formatted contents note | Notas temáticas -- Hacia un desarrollo rápido y sostenible -- Compartir los frutos del desarrollo con todos los colombianos -- Construir un gobierno de calidad |
| 650 14 - SUBJECT ADDED ENTRY--TOPICAL TERM | |
| Topical term or geographic name entry element | Desarrollo sostenible |
| 9 (RLIN) | 7398 |
| 650 24 - SUBJECT ADDED ENTRY--TOPICAL TERM | |
| Topical term or geographic name entry element | Paz |
| Geographic subdivision | Colombia |
| 9 (RLIN) | 7399 |
| 650 24 - SUBJECT ADDED ENTRY--TOPICAL TERM | |
| Topical term or geographic name entry element | Violencia |
| Geographic subdivision | Colombia |
| 9 (RLIN) | 7400 |
| 650 24 - SUBJECT ADDED ENTRY--TOPICAL TERM | |
| Topical term or geographic name entry element | Aspectos económicos |
| Geographic subdivision | Colombia |
| 9 (RLIN) | 7246 |
| 700 1# - ADDED ENTRY--PERSONAL NAME | |
| Personal name | Lafourcade, Oliver, |
| Relator term | editor |
| 9 (RLIN) | 7401 |
| 700 1# - ADDED ENTRY--PERSONAL NAME | |
| Personal name | Luff, Connie, |
| Relator term | editora |
| 9 (RLIN) | 7402 |
| 942 ## - ADDED ENTRY ELEMENTS (KOHA) | |
| Source of classification or shelving scheme | Dewey Decimal Classification |
| Koha item type | Books |
| Withdrawn status | Lost status | Source of classification or shelving scheme | Materials specified (bound volume or other part) | Damaged status | Not for loan | Home library | Current library | Shelving location | Date acquired | Source of acquisition | Total Checkouts | Full call number | Barcode | Date last seen | Date last checked out | Copy number | Price effective from | Koha item type |
|---|---|---|---|---|---|---|---|---|---|---|---|---|---|---|---|---|---|---|
| Dewey Decimal Classification | Donación--15/04/2019-- | Biblioteca Pública José María del Castillo y Rada | Biblioteca Pública José María del Castillo y Rada | General Stacks | 11/28/2019 | Donación | 1 | 330.9861 / G537c | 430002675 | 12/12/2024 | 12/12/2024 | Ej.2 | 11/28/2019 | Books | ||||
| Dewey Decimal Classification | Donación--15/04/2019-- | Biblioteca Pública José María del Castillo y Rada | Biblioteca Pública José María del Castillo y Rada | General Stacks | 11/28/2019 | Donación | 330.9861 / G537c | 430002676 | 05/16/2024 | Ej.1 | 11/28/2019 | Books |